00275nam a2200085Ia 4500008004100000041000800041100001600049245008600065260003800151231107s2000 xx 000 0 und d aeng aWorpole Ken aHere Comes the Sun : Architecture & Public Space in 20th Century European Culture aLondonbReaktion Books pub.c2000